000 00504nam a2200169 i 4500
001 64995
003 ES-MaACL
005 20250507063017.0
007 t|
008 040107s1951 sp ||||1| spa d
100 1 _aFraga Iribarne, Manuel,
_d1922-2012
_9193721
245 1 3 _aLa acción meramente declarativa /
_cManuel Fraga Iribarne.
260 _aMadrid :
_bInstituto Editorial Reus,
_c1951.
300 _a131 p. ;
_c21 cm.
852 _aES-MaACL
_jD-5995
_bR.32071
999 _c64995
_d64995